The almighty chance
Shranjeno v:
| Glavni avtor: | |
|---|---|
| Format: | Knjiga |
| Izdano: |
World scientific
1990
|
| Oznake: |
Označite
Brez oznak, prvi označite!
|
| Thư viện lưu trữ: | Mạng thư viện Đại học Đà Nẵng |
|---|
| LEADER | 00587nam a2200229 a 4500 | ||
|---|---|---|---|
| 001 | 000030116 | ||
| 003 | 25190 | ||
| 005 | 20171030145630.0 | ||
| 008 | 171030s1990 | ||
| 040 | |a LTT | ||
| 082 | 0 | |a 539 |b ZE-Y | |
| 100 | 1 | |a Zeldovich, Ya. B. (Yakov Borissovich) | |
| 245 | 0 | 0 | |a The almighty chance |c Ya. B. Zeldovich, A.A. Ruzmaikin, D.D. Sokoloff. |
| 260 | |b World scientific |c 1990 | ||
| 500 | |a VSVN | ||
| OWN | |a LTT | ||
| 999 | |a From the UDN01 | ||
| TYP | |a Monograph | ||
| TYP | |a Printed language | ||
| 980 | |a Mạng thư viện Đại học Đà Nẵng | ||